[Event "MLK CCCSA IM 2021"]
[Site "Charlotte"]
[Date "2021.01.18"]
[Round "8.3"]
[White "Cervantes Landeiro, Thalia"]
[Black "Matros, Alexander"]
[Result "1-0"]
[WhiteElo "2258"]
[BlackElo "2405"]
[Annotator "TA"]
[PlyCount "113"]
[EventDate "2021.01.14"]
[EventType "tourn"]
[EventCountry "USA"]
[SourceTitle "playchess.com"]
[Source "ChessBase"]
[SourceQuality "1"]

{[%evp 9,113,23,19,33,32,31,27,28,39,49,41,31,45,37,43,30,32,31,39,5,20,0,0,0,0,0,10,-100,-89,-112,-93,-89,-82,-93,-14,-4,0,-43,0,0,0,0,0,-90,201,0,0,0,256,-95,0,-6,-19,-25,0,0,58,64,66,45,58,56,67,61,61,75,61,0,0,0,39,37,37,0,146,146,149,149,149,149,141,107,202,195,192,189,238,234,236,237,259,266,400,394,12832,229,29975,29976,29973,29974,29990,29991,29991,29992,29992,29993]} 1. d4 d6 2. c4 e5 3. d5 a5 4. Nc3 g6 5. e4 Na6 6. Bd3 {A41: 1 d4 d6: Tartakower System and Modern Defence.} Bh6 7. Bxh6 Nxh6 8. Qd2 {White has an edge.} Nc5 9. Bc2 Ng4 10. f3 Nf6 11. Nge2 {[#]} h5 $146 ({Predecessor:} 11... Bd7 12. O-O-O h5 13. h4 Kf8 14. Ng3 Kg7 15. Nf1 Qb8 16. Ne3 b5 17. cxb5 Bxb5 {0-1 (43) Soffer,R (2515)-Rechlis,G (2507) Ramat Aviv 2000}) 12. h4 Kf8 13. b3 Kg7 14. a3 c6 15. Rd1 cxd5 16. Nxd5 Nxd5 17. Qxd5 Ra6 18. b4 (18. Qd2 $11 {keeps the balance.}) 18... axb4 19. axb4 {[#]} Be6 $1 20. Qd2 Nd7 21. Bd3 Ra3 (21... Rc6 $17 22. Kf2 Qb6+ 23. Kg3 Ra8) 22. Qb2 $36 {[%mdl 2048] White is more active.} Qa8 {Hoping for ...Ra2.} 23. O-O (23. Nf4 $5) 23... Qa7+ 24. Kh1 Ra2 25. Qc1 Ra4 26. c5 (26. Ng3 $11) 26... Rc8 $2 {[%mdl 8192]} ({Worse is} 26... dxc5 27. Bb5 $16) (26... Rxb4 $17 {stays on course.} 27. cxd6 Qc5) 27. Qd2 $2 (27. Bb5 $1 $18) 27... Ra2 (27... dxc5 $5 28. Bb5 $8 Ra2 $1 $11) 28. Qg5 {aiming for Ng3.} dxc5 $2 {[%mdl 8192] [#]} (28... f6 $11 {and Black has nothing to worry.} 29. Qc1 Ra4) 29. Nc3 $2 ({Only move:} 29. Ng3 $1 $18 {[%cal Rg3h5]} Qb6 30. Nf5+ Bxf5 31. exf5) 29... c4 (29... f6 $17 30. Qg3 cxb4 31. Nxa2 Qxa2) 30. Nxa2 $11 Qxa2 31. Bb1 Qa4 32. Qe7 Qb5 (32... c3 $11) 33. Rd6 $1 $14 {[%cal Rd6e6]} Nf8 34. Rc1 Re8 35. Qc7 Qxb4 36. Rb6 {[%mdl 64] Double Attack, Discovered Attack} Qd2 37. Qxe5+ Kg8 38. Qb2 (38. Qg5 $14 Qd7 39. Bc2) 38... Qf4 $11 39. Rd1 Nd7 40. Rxb7 Nc5 41. Qb5 Qxh4+ (41... Rc8 $1 $11 {remains equal.} 42. Rb6 Kh7) 42. Kg1 $16 Rc8 43. Rb8 Rxb8 44. Qxb8+ Kh7 45. Qd6 Nd7 {[#]} (45... Nb3 $16) 46. Ba2 $1 $18 Nf6 47. Qd4 Qg5 48. Bxc4 Bxc4 49. Qxc4 {[%mdl 4096] Endgame KQR-KQN} Kg7 50. Qc3 h4 (50... Kh7 $142 51. Rd6 Ng8) 51. e5 Nh5 $2 (51... Ne8 52. e6+ Qf6 53. exf7 Kxf7 54. Rd7+ Kg8 55. Qc4+ Kf8) 52. e6+ $2 (52. Rd7 {Threatening mate with e6+.} Kh6 53. e6) 52... f6 $2 (52... Qf6 $18 53. Qxf6+ Kxf6 54. exf7 Kxf7 55. Rd7+ Ke6) 53. Rd7+ {White mates.} Kh6 54. e7 Nf4 55. Qd2 Qc5+ 56. Kh1 Qe5 57. e8=Q {Weighted Error Value: White=0.33/Black=0.45} 1-0

[Event "MLK CCCSA IM 2021"]
[Site "Charlotte"]
[Date "2021.01.18"]
[Round "8.4"]
[White "Griffith, Kyron"]
[Black "Andrianov, Nikolai"]
[Result "1/2-1/2"]
[WhiteElo "2346"]
[BlackElo "2384"]
[Annotator "TA"]
[PlyCount "33"]
[EventDate "2021.01.14"]
[EventType "tourn"]
[EventCountry "USA"]
[SourceTitle "playchess.com"]
[Source "ChessBase"]
[SourceQuality "1"]

{[%evp 14,17,24,24,24,25]} 1. e4 c5 2. Nf3 d6 3. d4 cxd4 4. Nxd4 Nf6 5. Nc3 Nc6 6. f3 e5 7. Nb3 Be6 8. Be3 d5 {B56: Classical Sicilian: Unusual Lines.} 9. exd5 {[#] An uneventful encounter. Not enough moves} {Predecessor:} Nxd5 $146 10. Nxd5 Qxd5 11. Qxd5 Bxd5 12. O-O-O O-O-O 13. Bb5 a6 14. Bxc6 Bxc6 15. Bb6 Rxd1+ 16. Rxd1 Be7 17. Na5 {½-½ (17) Perez Ponsa,F (2554)-Pichot,A (2562) Buenos Aires 2018} 1/2-1/2

[Event "MLK CCCSA IM 2021"]
[Site "Charlotte"]
[Date "2021.01.18"]
[Round "8.5"]
[White "Wang, Tianqi"]
[Black "Martin Del Campo C., Roberto"]
[Result "1/2-1/2"]
[WhiteElo "2256"]
[BlackElo "2296"]
[Annotator "TA"]
[PlyCount "20"]
[EventDate "2021.01.14"]
[EventType "tourn"]
[EventCountry "USA"]
[SourceTitle "playchess.com"]
[Source "ChessBase"]
[SourceQuality "1"]

{[%evp 9,20,14,21,24,30,14,26,26,13,23,41,-13,-18]} 1. e4 c5 2. Nc3 Nc6 3. Bb5 Nd4 4. Nf3 Nxb5 5. Nxb5 a6 6. Nc3 {B23: Closed Sicilian: Lines without g3.} d6 7. d4 cxd4 8. Qxd4 e5 9. Qb4 Ne7 {[#]} 10. Bg5 $146 (10. Be3 $14) ({Predecessor:} 10. Be3 Nc6 11. Qb6 Qxb6 12. Bxb6 Be6 13. O-O-O Be7 14. Rd2 Rc8 15. a3 O-O 16. Nd5 Bxd5 17. Rxd5 {1-0 (48) Jones,G (2670)-Munkhzul,T (2278) chess.com INT 2020}) 10... f6 {A rather calm draw.  Weighted Error Value: White=0.28/Black=0.05} 1/2-1/2

[Event "MLK CCCSA IM 2021"]
[Site "Charlotte"]
[Date "2021.01.19"]
[Round "9.1"]
[White "Oberoi, Shelev"]
[Black "Vivekananthan, Anish"]
[Result "0-1"]
[WhiteElo "2180"]
[BlackElo "2326"]
[Annotator "TA"]
[PlyCount "74"]
[EventDate "2021.01.14"]
[EventType "tourn"]
[EventCountry "USA"]
[SourceTitle "playchess.com"]
[Source "ChessBase"]
[SourceQuality "1"]

{[%evp 9,74,14,16,15,16,12,33,28,24,7,9,8,28,0,0,0,0,0,0,0,0,0,0,-29,-39,-27,-10,-33,-12,-44,-42,-49,-49,-51,-50,-52,-58,-65,-64,-103,-55,-57,-64,-204,-199,-210,-199,-208,-205,-230,-202,-198,-207,-411,-277,-471,-305,-306,-260,-6430,-6430,-5469,-5465,-29992,-29993,-29994,-1139]} 1. e4 e5 2. Nf3 Nf6 3. Nxe5 d6 4. Nf3 Nxe4 5. Bd3 Nf6 6. O-O {C42: Petroff Defence: 3 Nxe5 and unusual White 3rd moves.} Be7 7. c3 {7.Re1 is setting a new trend.} Bg4 8. Bc2 {White is slightly better.} O-O 9. h3 Bh5 10. d4 c6 {[#]} 11. g4 $146 ({Predecessor:} 11. Re1 Na6 12. Nbd2 Qd7 13. Nf1 Rae8 14. Ng3 Bg6 15. Bxg6 hxg6 16. Qb3 Bd8 17. Bg5 {½-½ (39) Mamedov,R (2704)-Giri,A (2777) Shamkir 2018}) 11... Bg6 12. Bxg6 hxg6 13. Bf4 Nbd7 {[%cal Bb8d7,Bd7f8,Bf8e6][%mdl 32]} 14. Re1 Re8 15. Nbd2 Nf8 16. Qb3 Qd7 17. Bg3 Ne6 18. Kh2 Rad8 (18... d5 {is more complex.} 19. Ne5 Qc8 20. Re3 Bd6 21. Rae1 c5) 19. Ne4 d5 20. Nxf6+ gxf6 21. Qc2 Bd6 22. Qd2 Kg7 23. Kg2 Qc7 24. g5 {White wants to play gxf6+.} fxg5 25. Nxg5 Nf4+ 26. Kf1 {This move loses the game for White.} ({Only move:} 26. Kf3 $1 $15 Nh5 27. Rxe8 Rxe8 28. Re1 Bxg3 29. Rxe8) 26... f6 $19 27. Nf3 Nxh3 28. Rxe8 Rxe8 29. Re1 Re4 30. Rxe4 dxe4 31. Ne5 $2 {[#]} (31. Bxd6 Qxd6 32. Ng1) 31... Qc8 ({Not} 31... Bxe5 32. dxe5 fxe5 33. Kg2 $17) 32. Nf7 $2 (32. Nc4 Bxg3 33. fxg3) 32... Kxf7 ({Less strong is} 32... Bxg3 33. Qh6+ Kxf7 34. Qh7+ Ke6 35. Qxh3+ f5 36. Qxg3 $15) 33. Bxd6 Ng5 34. Qf4 $2 (34. Qe3) 34... Qh3+ 35. Ke1 Qd3 {[#] ( -> ...Nf3+)} 36. f3 e3 37. Qg3 Qd2+ {[%mdl 64] Double Attack.  Weighted Error Value: White=0.64/Black=0.18} 0-1

[Event "MLK CCCSA IM 2021"]
[Site "Charlotte"]
[Date "2021.01.19"]
[Round "9.4"]
[White "Colas, Joshua"]
[Black "Cervantes Landeiro, Thalia"]
[Result "1/2-1/2"]
[WhiteElo "2288"]
[BlackElo "2258"]
[Annotator "TA"]
[PlyCount "95"]
[EventDate "2021.01.14"]
[EventType "tourn"]
[EventCountry "USA"]
[SourceTitle "playchess.com"]
[Source "ChessBase"]
[SourceQuality "1"]

{[%evp 9,95,10,8,6,8,0,17,12,16,-8,-5,-8,-2,-8,12,0,30,14,16,17,29,-18,58,-20,70,68,87,47,46,39,93,93,93,0,0,0,0,-139,-109,-124,-132,-132,-132,-135,-121,-437,-433,-422,-146,-146,-160,-131,-126,-116,-124,-114,-112,-173,-87,-138,-27,-199,-198,-190,-181,-160,-112,-122,-120,-98,-66,-75,0,0,0,0,0,0,0,0,0,0,0,0,0,0,0,0]} 1. b3 e5 2. Bb2 Nc6 3. e3 d6 4. d4 exd4 5. exd4 d5 6. Nf3 {A01: Nimzowitsch-Larsen Opening.} Nf6 7. Be2 Be7 8. O-O O-O 9. Ne5 Nxe5 10. dxe5 Ne4 11. Nd2 {[#]} Nc5 $146 ({Predecessor:} 11... Bf5 12. Nxe4 Bxe4 13. Bf3 Bxf3 14. Qxf3 c6 15. Rad1 Qc8 16. Rfe1 Qe6 17. Qd3 Bg5 {0-1 (23) Bui T Mai,T-Nguyen,T Ho Chi Minh City 1999}) 12. f4 f6 13. c4 fxe5 14. Bxe5 Be6 15. Qc2 Nd7 (15... d4 $11 16. Bd3 Nxd3 17. Qxd3 Bf5) 16. Bd3 (16. cxd5 $14 Bxd5 17. Bxc7) 16... Bc5+ (16... Nxe5 $11 17. fxe5 (17. Bxh7+ Kh8 $15) 17... dxc4 18. Bxh7+ Kh8) 17. Kh1 $14 Nxe5 18. Bxh7+ Kh8 {Strongly threatening ...Ng4.} 19. fxe5 {aiming for cxd5.} Qh4 ({Black should play} 19... dxc4 $14 20. Nxc4 Qd4) 20. cxd5 Bd4 21. Rae1 Bxd5 22. Bf5 {And now e6 would win.} g6 $1 $40 {[%mdl 128] Black mounts an attack.} 23. Bxg6 {[#]} (23. Be4 $1 $11 Rxf1+ 24. Rxf1 Bxe5 25. h3 Bxe4 26. Nxe4) 23... Bxg2+ $1 $17 {[%mdl 512]} 24. Kxg2 Rf2+ 25. Rxf2 Qxf2+ {[%mdl 64] Double Attack} 26. Kh3 Qxe1 27. Qxc7 $2 {[%mdl 8192]} (27. Nf3 $17 {is a better chance.} Qf1+ 28. Qg2 Qxg2+ 29. Kxg2) 27... Qe3+ $19 28. Kg4 {[%csl Gg6][%cal Rc7h7]} Qg1+ $2 ({Inferior is} 28... Rg8 29. Qh7#) (28... Qh6 $1 $19 {[%cal Rh6g6] is more deadly.} 29. Qh7+ Qxh7 30. Bxh7 Kxh7) 29. Kf5 $17 {[%csl Gg6][%cal Rc7h7] [#]} Rf8+ $1 30. Ke4 {[%csl Gg6][%cal Rc7h7]} Qg2+ (30... Qxh2 $2 31. Nf3) 31. Kd3 {[%csl Gg6][%cal Rc7h7]} Qxg6+ 32. Kxd4 {[%mdl 4096] Endgame KQR-KQN} Qg4+ (32... Qg5 {is more complex.} 33. Kc3 b5 34. Kc2 Re8 35. a4 bxa4 36. bxa4 Qxe5 37. Qxe5+ Rxe5 38. Kb3 Kg7) 33. Ke3 {[#]} (33. Kd3 $17) 33... Qh3+ (33... Rc8 $1 $19 {[%cal Rc8c7]} 34. Qd6 Rc3+ 35. Kf2 Qf4+ 36. Kg2 Qf5) 34. Kd4 (34. Ke4 $142) 34... Qxh2 (34... Rc8 $17 35. Qe7 Qc3+ {[%mdl 64] Double Attack} 36. Ke4 Qc2+ {[%mdl 64] Double Attack} 37. Ke3 Rc3+ 38. Ke2 Qd3+ 39. Kd1 Qf5 40. Qh4+ Kg7) 35. Ne4 $2 (35. Kc3 $11 {and White stays safe.}) 35... Qg1+ $19 36. Kd5 Qd1+ 37. Kc4 Qc1+ 38. Nc3 Qf4+ 39. Kb5 Re8 40. Qxb7 Qxe5+ (40... Rxe5+ $17 41. Nd5 Qf5 42. Qa8+ Kh7 43. Qb7+ Kh6) 41. Qd5 $1 $11 {The position is equal.} Rb8+ (41... a6+ {with more complications.} 42. Ka4 Re6 43. b4 Kg7 44. Qd7+ Kf8) 42. Ka4 Qxc3 {[%csl Gb8][%cal Rc3b4]} (42... Qf4+ {looks sharper.} 43. Ne4 Kg7 44. b4 Rb6 45. Qd7+ Qf7) 43. Qh5+ Kg8 {[%csl Gb8][%cal Rc3b4]} 44. Qd5+ Kh7 {[%csl Gb8][%cal Rc3b4]} 45. Qh5+ Kg7 {[%csl Gb8][%cal Rc3b4]} 46. Qg5+ Kh7 {[%csl Gb8][%cal Rc3b4]} 47. Qh5+ Kg8 {[%csl Gb8][%cal Rc3b4]} 48. Qd5+ {And White is the lucky defender.  Weighted Error Value: White=0.40/Black=0.28} 1/2-1/2